| 000 | 00778nam a22002177a 4500 | ||
|---|---|---|---|
| 999 |
_c20895 _d20895 |
||
| 003 | AR-CdUCM | ||
| 008 | 190402b ||||| |||| 00| 0 spa d | ||
| 040 |
_aMUNICIPALIDAD PROVINCIAL DEL CUSCO _cBIBLIOTECA MUNICIPAL DEL CUSCO |
||
| 082 |
_aEP / 372.64 / _bES86 |
||
| 100 |
_aEspina, Antonio _98297 |
||
| 245 | _aEl libro del aire / | ||
| 260 |
_bAguilar, _aBarcelona : _c1957. |
||
| 300 |
_bIlustraciones, _c34 cm. _a101 páginas ; |
||
| 440 |
_aColeccion el globo de colores _nLibros para saber _943608 |
||
| 505 | _aContenido : Mitos, leyendas y arte -- El hombre burbuja de aire -- En escandinavia fue Tor.. | ||
| 650 |
_aAire _915839 |
||
| 650 |
_aPapel que desempeña _943609 |
||
| 700 |
_aAguirre, Antonio (ilustración) _943610 |
||
| 942 |
_2ddc _cLIBROS |
||
| 945 | _arcc | ||